[Event "St Veit op-B 29th"]
[Site "St Veit"]
[Date "2010.07.17"]
[Round "8"]
[White "Schachner, Franz"]
[Black "Lattacher, Walter"]
[Result "0-1"]
[WhiteElo "1772"]
[BlackElo "2119"]
[PlyCount "122"]
[EventDate "2010.07.10"]
[EventType "swiss"]
[EventRounds "9"]
[EventCountry "AUT"]
[SourceTitle "EXT 2011"]
[Source "ChessBase"]
[SourceDate "2010.11.26"]
[SourceVersion "1"]
[SourceVersionDate "2010.11.26"]
[SourceQuality "1"]

1. f4 d5 2. Nf3 c5 3. e3 Nf6 4. b3 e6 5. Bb2 Be7 6. Be2 0-0 7. 0-0 Nc6 8. Bb5 Bd7 9. Bxc6 Bxc6 10. Qe1 Ne4 11. d3 Bf6 12. Ne5 Nd6 13. Nd2 Bxe5 14. fxe5 Nf5 15. d4 Qg5 16. Rf3 cxd4 17. exd4 h5 18. Nf1 Rac8 19. Ne3 Nxe3 20. Qxe3 Qxe3+ 21. Rxe3 Bb5 22. c3 f5 23. a4 Ba6 24. Rg3 Kh7 25. Rg5 g6 26. Rc1 f4 27. Kf2 Kh6 28. h4 Rf7 29. Rd1 b5 30. axb5 Bxb5 31. b4 Rcf8 32. Bc1 Kh7 33. Kf3 Rc7 34. Bb2 Rb7 35. Bc1 Rc8 36. Bb2 Rf7 37. Rd2 Ra8 38. Rd1 a5 39. Ra1 a4 40. Bc1 Rc8 41. Bd2 Ra8 42. Ra3 Bc4 43. Bxf4 Bb3 44. Ra1 Raf8 45. g3 Rc8 46. Rc1 a3 47. Ke2 a2 48. Kd3 Ra8 49. Ra1 Ra3 50. Bc1 Rf1 51. Kd2 Rd1+ 52. Ke2 Rxc1 53. Rxc1 a1Q 54. Rxa1 Rxa1 55. g4 hxg4 56. h5 gxh5 57. Rxh5+ Kg6 58. Rh8 Bc4+ 59. Ke3 Re1+ 60. Kf2 Rc1 61. Rf8 Rf1+ 0-1

[Event "St Veit op 25th"]
[Site "St Veit"]
[Date "2006.07.12"]
[Round "5"]
[White "Schachner, Franz"]
[Black "Wilfling, Hermann"]
[Result "0-1"]
[WhiteElo "1767"]
[BlackElo "2153"]
[PlyCount "42"]
[EventDate "2006.07.08"]
[EventType "swiss"]
[EventRounds "9"]
[EventCountry "AUT"]
[SourceTitle "CBM 113 Extra"]
[Source "ChessBase"]
[SourceDate "2006.09.14"]
[SourceVersion "1"]
[SourceVersionDate "2006.09.14"]
[SourceQuality "1"]

1. f4 Nf6 2. Nf3 g6 3. e3 Bg7 4. c3 0-0 5. d4 d6 6. Bd3 Nbd7 7. 0-0 c5 8. a4 Qc7 9. Na3 b6 10. Qc2 Bb7 11. Bd2 Rac8 12. Nb5 Qb8 13. b3 a6 14. Na3 e5 15. fxe5 dxe5 16. Be2 cxd4 17. exd4 exd4 18. Nxd4 Ne4 19. Qd3 Ndc5 20. Bf4 Nxd3 21. Bxb8 Nxc3 0-1